• 首页
  • 本馆介绍
  • 公告通知
  • 最新文献
  • 馆藏检索
  • 电子资源
  • 读者导购
  • 参考咨询
  • 我的图书馆
  • 登录
  • 详细信息显示
  • 放入我的书架
  • 预约/预借图书
  • 作者相关作品
  • 分类相关作品
  • 丛书相关作品
  • 出版社相关作品

书目信息

  • 表格格式
  • 工作单格式
  • 卡片格式
题名:
全国卫生系统外语水平考试指南
    
 
作者: ;国家医学考试中心 编
分册:  
出版信息: 北京   中国协和医科大学出版社  2001
页数: 215页
开本: 26cm
丛书名:
单 册:
中图分类: H3-62 , H31-62
科图分类:
主题词: 外语--Wai Yu--考核--自学参考资料 , 英语
电子资源:
ISBN: 7-81072-184-4
000 00737nam0 2200229 450
001 CAL 012002002553
005 20070619161152.92
010    @a7-81072-184-4@dCNY26.00
100    @a20011224d2001 em y0chiy0121 ea
101 0  @achi@aeng@afre@amul
102    @aCN@b110000
105    @ak z 000yy
200 1  @a全国卫生系统外语水平考试指南@AQuan Guo Wei Sheng Xi Tong Wai Yu Shui Ping Kao Shi Zhi Nan@f国家医学考试中心编
210    @a北京@c中国协和医科大学出版社@d2001
215    @a215页@d26cm
606 0  @a外语@AWai Yu@x考核@j自学参考资料
606 0  @a英语
690    @aH3-62@v4
690    @aH31-62@v3
711 02 @a国家医学考试中心@AGuo jia yi xue kao shi zhong xin@4编
801  0 @aCN@bPFT@c20070619
905    @a10447@dH31-62@e1085
    
    全国卫生系统外语水平考试指南/国家医学考试中心编.-北京:中国协和医科大学出版社,2001
    215页;26cm
    
    
    ISBN 7-81072-184-4:CNY26.00
    
●
相关链接 在E读中查询图书 在五车中查询图书 在当当中查询图书 在豆瓣中查询图书


正题名:全国卫生系统外语水平考试指南     索取号:H31-62/1085         预约/预借

序号 登录号 条形码 馆藏地/架位号 状态 备注
1 0652313   206523136   第二样本阅览室/ [索取号:H31-62/1085] 在馆    
唐山师范学院图书馆 欢迎您!
大连网信软件有限公司© 版权所有